| 000 | 00537cam a2200157 4500500 | ||
|---|---|---|---|
| 005 | 20260322001333.0 | ||
| 041 | _afre | ||
| 042 | _adc | ||
| 100 | 1 | 0 |
_aBalibar, Jeanne _eauthor |
| 700 | 1 | 0 |
_aCerf, Juliette _eauthor |
| 245 | 0 | 0 | _aJeanne Balibar. « J’essaie de me garder de toute idée a priori » |
| 260 | _c2007. | ||
| 500 | _a85 | ||
| 786 | 0 | _nPhilosophie magazine | 8 | 4 | 2007-04-01 | p. 55-56 | 1951-1787 | |
| 856 | 4 | 1 | _uhttps://shs.cairn.info/magazine-philosophie-magazine-2007-4-page-55?lang=fr&redirect-ssocas=7080 |
| 999 |
_c1713924 _d1713924 |
||